Click Caribbean Islands on the Map - Hard - Statistics

General Stats
  • This quiz has been taken 110 times
  • The average score is 18 of 25
Answers on the Map
Answers color-coded by a green-red scale on the quiz's map according to % correct below.
 
Answer Stats
Answer % Correct
Cuba
99%
Puerto Rico
96%
Jamaica
93%
Trinidad
93%
Tobago
91%
Grenada
90%
Hispaniola
90%
Curaçao
87%
Saint Lucia
85%
Aruba
81%
Martinique
78%
Dominica
75%
Bonaire
73%
Grand Cayman
73%
Isla de la Juventud (Island of Youth)
70%
Saint Croix
70%
Isla de Margarita
61%
Montserrat
58%
Gonave island
57%
Anguilla
52%
Saint-Martin
46%
Isla de Mona
43%
Isla Grande del Maíz
43%
Cayo Mayor (Cayo Miskito)
42%
Isla La Tortuga
33%
No matching quizzes found
Score Distribution
Percent of People with Each Score
Percentile by Number Answered
Your Score History
You have not taken this quiz